00795nam a2200217 a 4500001001000000003000900010005001700019007000300036008004100039020001800080040002500098082000700123100002100130245011800151260004700269300004800316500007300364500007300437504003100510700003600541000044775DO-SdBNP20230213143047.0ta150109s2014 dr ac 000 0 spa d a9789945081220 aDO-SdBNPbspacBNPHU 42221 aRivera, Mercedes13aLa verdad del conflicto de Haití y la República Dominicana /cMercedes Rivera ; prólogo Adriano de la Cruz. aSanto Domingo :bImpresos Mercedes,c2014. a100 p. :bilustraciones, retratos ;c23 cm. aIncluye datos biográficos de la autora en la solapa de la cubierta aIncluye referencias bibliográficas y notas al pie de las páginas aBibliografía : p. 97-1001 aCruz, Adriano de la,eprólogo